Every Second Country - Statistics

General Stats
  • This quiz has been taken 47 times
  • The average score is 7 of 10
Answer Stats
country % Correct
South Sudan
91%
Sweden
91%
Maldives
83%
Lithuania
77%
Malawi
77%
Macedonia
71%
Syria
71%
Suriname
69%
Malta
57%
Sri Lanka
51%
No matching quizzes found
Score Distribution
Percent of People with Each Score
Percentile by Number Answered
Your Score History
You have not taken this quiz